000 00309nam a22001337a 4500
008 170209b xxu||||| |||| 00| 0 eng d
020 _a9780323030212
041 _aeng
080 _27ED
_a61
100 _a4
101 _aSHM
245 _aDIAGNOSTIC LABORATORY TEST REFERENCE
_cPAGANA DESKA
942 _2udc
_cBK
999 _c5007
_d5007